Variational principles of topology : multidimensional minimal surface theory

Αποθηκεύτηκε σε:
Λεπτομέρειες βιβλιογραφικής εγγραφής
Κύριος συγγραφέας: Fomenko, A. T.
Μορφή: Βιβλίο
Γλώσσα:English
Δημοσίευση: Dordrecht [Netherlands] : Boston : Kluwer Academic, c1990
Σειρά:Mathematics and its applications (Kluwer Academic Publishers). Soviet series ; ; 42
Θέματα:
Ετικέτες: Προσθήκη ετικέτας
Δεν υπάρχουν, Καταχωρήστε ετικέτα πρώτοι!

MARC

LEADER 00000cam a2200000 i 4500
001 1/42501
008 941103s1990 eng d
020 |a 0792302303 
035 |l 10041781 
035 |a 1993 
040 |a GR-MY-UA  |b gre  |e aacr 
041 0 |a eng 
082 0 |a 514. 
100 1 |a Fomenko, A. T. 
245 1 0 |a Variational principles of topology :  |b multidimensional minimal surface theory /  |c by A.T. Fomenko 
260 |a Dordrecht [Netherlands] :   |a Boston :   |b Kluwer Academic,   |c c1990 
300 |a xviii, 374 p.;  |b ill.;  |c 25 cm 
490 1 |a Mathematics and its applications. Soviet series  |v ; 42 
500 |a Rev. translation of: Variaλtμsionnye metody v topologii 
504 |a Includes bibliographical references (p. 345-369) 
650 0 0 |a Topology. 
650 0 0 |a Variational inequalities (Mathematics) 
830 0 |a Mathematics and its applications (Kluwer Academic Publishers).   |p Soviet series ;  |v ; 42 
852 |a INST  |b SAMOS  |e 19941103  |h 514 FOM  |p 005300007345  |q 005300007345  |t BK  |y 0 
909 |a Σ  |b 030420